[Event "Struga Lake Queen U18 op"]
[Site "Struga"]
[Date "2023.09.10"]
[Round "6"]
[White "Shtavica, Alaudin"]
[Black "Lisha, Dion"]
[Result "1-0"]
[WhiteElo "1666"]
[BlackElo "1266"]
[PlyCount "43"]
[EventDate "2023.09.08"]
[EventType "swiss"]
[EventRounds "6"]
[EventCountry "MKD"]
[SourceTitle "EXT 2024"]
[Source "ChessBase"]
[SourceDate "2023.10.10"]
[SourceVersion "1"]
[SourceVersionDate "2023.10.10"]
[SourceQuality "1"]

1. e4 e5 2. Nc3 Nc6 3. Bc4 Nf6 4. d3 Na5 5. Bb3 Nxb3 6. axb3 Be7 7. f4 d6 8. f5 d5 9. Qf3 dxe4 10. dxe4 Bd7 11. g4 h6 12. h4 Nh7 13. Qg3 Bd6 14. g5 Qe7 15. Nd5 Qf8 16. Nf3 c6 17. Nb6 Rb8 18. Rxa7 Qe7 19. Nc4 Bc5 20. Ra1 f6 21. g6 Nf8 22. c3 1-0